000 00377nam a22001457a 4500
020 _a9788123916286
050 _aQE601.2
_b.G6 1987
100 _aGokhale, Dr. N.W.
245 _aManual of Geological Maps/
250 _a1st Edition
260 _aNew Delhi
_bCBS Publishers and Distributors
_c1987
300 _axiii, 113p.
650 _bManual of Geological Maps
942 _cGEN
999 _c2008
_d2008